| 000 | 03191cam a2200337 i 4500 | ||
|---|---|---|---|
| 003 | SA-RiAUC | ||
| 005 | 20241211080955.0 | ||
| 008 | 241210s1987 le a g b 001 0 ara c | ||
| 024 | 0 | _a00000000983594 | |
| 040 |
_aOM-MuSQU _bara _cSA-RiAUC _dAE-DuMBRL _erda |
||
| 050 | 4 | _b.M35 1987 | |
| 082 | 0 | 4 |
_a953.02 _qSA-RiAUC |
| 090 |
_a953.02 _bم ج م |
||
| 245 | 0 | 0 |
_aمجموعة الوثائق السياسية للعهد النبوي والخلافة الراشدة / _cجمعها محمد حميد الله. |
| 250 | _aالطبعة السادسة، مصححة ومنقحة ومزيدة. | ||
| 264 | 1 |
_aبيروت : _bدار النفائس، _c1987. |
|
| 300 |
_a757 صفحة : _bإيضاحيات ؛ _c24 سم |
||
| 336 |
_aنص _btxt _2rdacontent _3كتاب |
||
| 337 |
_aبدون وسيط _bn _2rdamedia |
||
| 338 |
_aمجلد _bnc _2rdacarrier |
||
| 500 | _aكشاف : صفحة 667-710. | ||
| 504 | _aببليوجرافية : صفحة 711-757. | ||
| 520 | _aيتناول كتاب (مجموعة الوثائق السياسية للعهد النبوي والخلافة الراشدة) والذي قام بتأليفه محمد حميد الله، موضوع (الوثائق السياسية) جمع المؤلف في هذا الكتاب الهام الرسائل والوثائق السياسية، التي استطاع الوصول إليها في العهد النبوي والخلافة الراشدة. ويبدأ المؤلف بالوثائق والرسائل في العهد النبوي قبل وبعد الهجرة، وكتابه صلى الله عليه وسلم بين المهاجرين والأنصار واليهود، وكذلك وثيقة تحريم المدينة المنورة، أيضا الرسائل الخاصة بالدولة الرومية: الحبشة، والغسانيون والشام وقيصر الروم، ثم يعرض وثائق الدولة الفارسية ولواحقها: كسرى وعماله، ورسائل البحرين، واليمامة وعمان، ونجران، واليمن وحضرموت، وبكر بن وائل وتميم، نصارى نجران، وغيرهم. وبعد ذلك يعرض رسائل القبائل العربية، ثم يعرض رسائل ووثائق الخلافة الراشدة مثل مراسلات سعد بن أبي وقاص وفتح فارس والعراق، مراسلات أبي موسى الأشعري، ومعاهدات أهل مدينة أرمينية، وكتاب معاوية أمير الشام إلى قيصر قسطنط الثاني، وغير ذلك من الرسائل الهامة. | ||
| 650 | 7 |
_aالتاريخ الإسلامي _yعصر صدر الإسلام _vمصادر _2aucsh |
|
| 651 | 7 |
_aالبلاد الإسلامية _xتاريخ _yعصر صدر الإسلام، 610-661 _vمصادر _2aucsh |
|
| 651 | 7 |
_aالبلاد الإسلامية _xسياسة وحكومة _yعصر صدر الإسلام، 610-661 _vمصادر _2aucsh |
|
| 700 | 1 |
_aحميد الله، محمد، _d1908-2002 _eجامع. |
|
| 942 |
_2ddc _cBOOK _n0 |
||
| 949 |
_aSA-JeALM _d241210 _uosman123 _n1 |
||
| 999 |
_c3316 _d3316 |
||